[Event "Titled Tuesday intern op 02nd Apr Late"]
[Site "Chess.com INT"]
[Date "2024.04.02"]
[Round "3"]
[White "Kargosha, Bahman"]
[Black "Merino Garcia, Rafael"]
[Result "0-1"]
[WhiteElo "2028"]
[BlackElo "2382"]
[PlyCount "106"]
[EventDate "2024.04.02"]
[EventType "swiss (blitz)"]
[EventRounds "11"]
[EventCountry "USA"]
[SourceTitle "CB15_2024"]
[SourceDate "2024.04.10"]
[SourceVersion "1"]
[SourceVersionDate "2024.04.10"]
[SourceQuality "1"]

1. d4 d6 2. e4 Nd7 3. Nf3 g6 4. Bd3 Bg7 5. c3 e6 6. 0-0 Ne7 7. Bg5 h6 8. Be3 b6 9. Nbd2 Bb7 10. a4 a6 11. Qc2 Nf6 12. h3 g5 13. Rfe1 Nh5 14. c4 Ng6 15. g3 Nf6 16. e5 dxe5 17. Bxg6 fxg6 18. Qxg6+ Kf8 19. Nxe5 Qe8 20. Qc2 Qh5 21. Qg6 Rg8 22. g4 Qxg6 23. Nxg6+ Kf7 24. Ne5+ Ke7 25. a5 b5 26. Nb3 h5 27. Nc5 Rab8 28. Bxg5 bxc4 29. Ned7 Bd5 30. Nxb8 Rxb8 31. Nxa6 Rxb2 32. Nxc7 Kd6 33. Nxd5 Nxd5 34. a6 Bxd4 35. Be3 Nxe3 36. fxe3 Ba7 37. Kf1 hxg4 38. hxg4 Ke5 39. Reb1 Rh2 40. Kg1 Re2 41. Rb7 Bxe3+ 42. Kh1 Kf4 43. a7 Kg3 44. Rh7 Bxa7 45. Rhxa7 Rh2+ 46. Kg1 Rg2+ 47. Kf1 Rf2+ 48. Ke1 Rh2 49. R1a3+ Kxg4 50. Rg7+ Kf4 51. Ra4 Ke3 52. Rg3+ Kd4 53. Rg4+ Ke3 0-1

[Event "Titled Tuesday intern op 02nd Apr Late"]
[Site "Chess.com INT"]
[Date "2024.04.02"]
[Round "2"]
[White "Kargosha, Bahman"]
[Black "Taboas Rodriguez, Daniel"]
[Result "0-1"]
[WhiteElo "2028"]
[BlackElo "2344"]
[PlyCount "74"]
[EventDate "2024.04.02"]
[EventType "swiss (blitz)"]
[EventRounds "11"]
[EventCountry "USA"]
[SourceTitle "CB15_2024"]
[SourceDate "2024.04.10"]
[SourceVersion "1"]
[SourceVersionDate "2024.04.10"]
[SourceQuality "1"]

1. d4 Nf6 2. c4 g6 3. Nc3 Bg7 4. e4 d6 5. Nf3 0-0 6. h3 c5 7. d5 e6 8. Bd3 exd5 9. exd5 Re8+ 10. Be3 Bh6 11. 0-0 Bxe3 12. fxe3 Qe7 13. Qd2 Qxe3+ 14. Qxe3 Rxe3 15. Bc2 a6 16. Ng5 Nbd7 17. Nge4 Nxe4 18. Nxe4 Ne5 19. Kf2 Nxc4 20. b3 Rxe4 21. Bxe4 Ne5 22. a4 f5 23. Bc2 b6 24. Rab1 Bb7 25. Rfd1 Kf7 26. b4 c4 27. b5 a5 28. Rd4 Rc8 29. Bd1 Rc5 30. Be2 Bxd5 31. Rc1 Ke6 32. Ke3 Bxg2 33. Bxc4+ d5 34. Rg1 Nxc4+ 35. Rxc4 dxc4 36. Rxg2 c3 37. Rc2 Ke5 0-1

[Event "Titled Tuesday intern op 12th Mar Late"]
[Site "Chess.com INT"]
[Date "2024.03.12"]
[Round "10"]
[White "Shevchuk, Olexandr"]
[Black "Kargosha, Bahman"]
[Result "1-0"]
[WhiteElo "2093"]
[BlackElo "2028"]
[PlyCount "107"]
[EventDate "2024.03.12"]
[EventType "swiss (blitz)"]
[EventRounds "11"]
[EventCountry "USA"]
[SourceTitle "CB12_2024"]
[SourceDate "2023.10.01"]
[SourceVersion "1"]
[SourceVersionDate "2023.10.01"]
[SourceQuality "1"]

1. d4 Nf6 2. c4 e6 3. g3 d5 4. Bg2 Bb4+ 5. Bd2 Bd6 6. Nf3 0-0 7. 0-0 c6 8. Nc3 Ne4 9. Qc2 f5 10. Rac1 Bd7 11. Qb3 Qb6 12. cxd5 Qxb3 13. axb3 exd5 14. Be3 Na6 15. Na4 Rae8 16. Nc5 Naxc5 17. dxc5 Be5 18. Nxe5 Rxe5 19. Bd4 Re7 20. Rfd1 f4 21. b4 a6 22. Rd3 fxg3 23. hxg3 Bf5 24. Re3 Rfe8 25. Rd1 Kf7 26. Rf3 Kg6 27. Rf4 Nf6 28. Bf3 Be4 29. Bxf6 gxf6 30. Kg2 Bxf3+ 31. exf3 Re2 32. Rh1 Rxb2 33. Rfh4 Re7 34. Rg4+ Kf5 35. Rf4+ Ke6 36. Rh6 Rf7 37. g4 Rc2 38. g5 Rc4 39. Rhxf6+ Rxf6 40. Rxf6+ Ke7 41. Rh6 Rxb4 42. Rxh7+ Kf8 43. g6 a5 44. Kg3 a4 45. f4 a3 46. f5 a2 47. f6 Rb3+ 48. Kg2 Kg8 49. f7+ Kf8 50. Rh8+ Kg7 51. f8Q+ Kxg6 52. Rh6+ Kg5 53. Qf6+ Kg4 54. Rh4# 1-0

[Event "Titled Tuesday intern op 27th Feb Late"]
[Site "Chess.com INT"]
[Date "2024.02.27"]
[Round "1"]
[White "Garcia De Dios, Jose Antonio"]
[Black "Kargosha, Bahman"]
[Result "1-0"]
[WhiteElo "2194"]
[BlackElo "2028"]
[PlyCount "85"]
[EventDate "2024.02.27"]
[EventType "swiss (blitz)"]
[EventRounds "11"]
[EventCountry "USA"]
[SourceTitle "CB10_2024"]
[SourceDate "2024.03.06"]
[SourceVersion "1"]
[SourceVersionDate "2024.03.06"]
[SourceQuality "1"]

1. d4 Nf6 2. c4 e6 3. g3 d5 4. Nf3 Bb4+ 5. Bd2 Bd6 6. Bg2 0-0 7. Qc2 c6 8. 0-0 Ne4 9. Nc3 f5 10. e3 Bd7 11. Ne2 Be8 12. Nf4 Qe7 13. Nd3 Nd7 14. Bc3 Bh5 15. b3 Bxf3 16. Bxf3 g5 17. Bg2 Rac8 18. Bb2 b5 19. f3 Nef6 20. Rae1 g4 21. fxg4 Nxg4 22. Nf4 Ngf6 23. Qe2 bxc4 24. bxc4 Ne4 25. Bxe4 fxe4 26. Qg4+ Kh8 27. Nxe6 Rg8 28. Qh3 Nf6 29. Nf4 Bxf4 30. Rxf4 Rb8 31. Bc1 Rb1 32. Ref1 Rg6 33. cxd5 cxd5 34. Qh4 Ng8 35. Qh3 Rg7 36. Bd2 Rb2 37. Be1 Qa3 38. g4 Qxa2 39. Rf7 Re2 40. Rxg7 Kxg7 41. Bg3 Qd2 42. Be5+ Kg6 43. Qh5# 1-0

[Event "Titled Tuesday intern op 27th Feb Late"]
[Site "Chess.com INT"]
[Date "2024.02.27"]
[Round "3"]
[White "Kargosha, Bahman"]
[Black "Martinez Pla, Xavier"]
[Result "0-1"]
[WhiteElo "2028"]
[BlackElo "2247"]
[PlyCount "104"]
[EventDate "2024.02.27"]
[EventType "swiss (blitz)"]
[EventRounds "11"]
[EventCountry "USA"]
[SourceTitle "CB10_2024"]
[SourceDate "2024.03.06"]
[SourceVersion "1"]
[SourceVersionDate "2024.03.06"]
[SourceQuality "1"]

1. d4 Nf6 2. c4 e6 3. Nc3 Bb4 4. e3 0-0 5. Bd2 b6 6. Bd3 Bb7 7. Nf3 d5 8. cxd5 exd5 9. Rc1 a6 10. 0-0 Bd6 11. Ne5 c5 12. Be1 Nc6 13. f4 cxd4 14. Nxc6 Bxc6 15. Ne2 Bb7 16. Nxd4 Ne4 17. Qb3 Bc5 18. Bb4 Bxd4 19. exd4 Re8 20. a4 Qf6 21. Bc3 Rac8 22. f5 h5 23. Qd1 Nxc3 24. bxc3 Rxc3 25. Bb1 Rxc1 26. Qxc1 Qxd4+ 27. Kh1 Qc4 28. Qd1 Qe2 29. Bd3 Qxd1 30. Rxd1 Re3 31. Kg1 d4 32. Kf2 Kf8 33. Be2 Re5 34. Rxd4 Rxf5+ 35. Ke3 Re5+ 36. Kf2 b5 37. axb5 axb5 38. Rb4 Bc6 39. h4 g6 40. g3 Ke7 41. Rd4 f6 42. Bd3 g5 43. hxg5 fxg5 44. Rb4 Bd7 45. Be4 h4 46. gxh4 gxh4 47. Bf3 h3 48. Kg3 Re3 49. Rb2 Kd6 50. Rf2 Bc6 51. Kf4 Rxf3+ 52. Rxf3 Bxf3 0-1

[Event "Titled Tuesday intern op 06th Feb Late"]
[Site "Chess.com INT"]
[Date "2024.02.06"]
[Round "6"]
[White "Chemin, Vitorio"]
[Black "Kargosha, Bahman"]
[Result "0-1"]
[WhiteElo "2131"]
[BlackElo "2028"]
[PlyCount "76"]
[EventDate "2024.02.06"]
[EventType "swiss (blitz)"]
[EventRounds "11"]
[EventCountry "USA"]
[SourceTitle "CB07_2024"]
[SourceDate "2024.02.14"]
[SourceVersion "1"]
[SourceVersionDate "2024.02.14"]
[SourceQuality "1"]

1. Nf3 Nf6 2. d4 d5 3. c4 e6 4. Nc3 Bb4 5. e3 0-0 6. Bd3 dxc4 7. Bxc4 c5 8. 0-0 Nc6 9. a3 Ba5 10. Qe2 cxd4 11. exd4 Bb6 12. Rd1 h6 13. d5 exd5 14. Nxd5 Nxd5 15. Bxd5 Qf6 16. h3 Bd7 17. Qe4 Rad8 18. Qf4 Qxf4 19. Bxf4 Rfe8 20. b4 Be6 21. Bxe6 Rxd1+ 22. Rxd1 Rxe6 23. g3 Re2 24. Rd2 Rxd2 25. Nxd2 Nd4 26. Nc4 Bd8 27. Be3 Bf6 28. Bxd4 Bxd4 29. Kg2 f6 30. Kf3 Kf7 31. Ke2 Ke6 32. f4 a6 33. g4 b5 34. Nd2 Bb2 35. Nb1 Kd5 36. Kd3 Bc1 37. f5 Bb2 38. h4 Be5 0-1

[Event "Titled Tuesday intern op 06th Feb Late"]
[Site "Chess.com INT"]
[Date "2024.02.06"]
[Round "7"]
[White "Kargosha, Bahman"]
[Black "Francisco Guecamburu, Candela Be"]
[Result "0-1"]
[WhiteElo "2028"]
[BlackElo "2295"]
[PlyCount "90"]
[EventDate "2024.02.06"]
[EventType "swiss (blitz)"]
[EventRounds "11"]
[EventCountry "USA"]
[SourceTitle "CB07_2024"]
[SourceDate "2024.02.14"]
[SourceVersion "1"]
[SourceVersionDate "2024.02.14"]
[SourceQuality "1"]

1. d4 Nf6 2. c4 c5 3. d5 e6 4. Nc3 exd5 5. cxd5 d6 6. e4 g6 7. f4 Bg7 8. Bb5+ Nfd7 9. a4 0-0 10. Nf3 Na6 11. 0-0 Nb4 12. Re1 a6 13. Bf1 Re8 14. h3 f5 15. Ng5 Nf8 16. Bc4 fxe4 17. Ngxe4 Bf5 18. g4 Bxe4 19. Rxe4 Qh4 20. Qf3 Bxc3 21. bxc3 Rxe4 22. Qxe4 Qg3+ 23. Kh1 Qxh3+ 24. Kg1 Qxc3 25. Rb1 Qg3+ 26. Kh1 Qh3+ 27. Kg1 Qxg4+ 28. Kf2 Qh4+ 29. Kg2 Qg4+ 30. Kf2 Qd7 31. Bb2 Re8 32. Qf3 Re7 33. Rg1 Kf7 34. f5 Ke8 35. f6 Rf7 36. Re1+ Kd8 37. Qe4 b5 38. axb5 axb5 39. Qe7+ Rxe7 40. fxe7+ Ke8 41. exf8Q+ Kxf8 42. Bb3 Qf5+ 43. Kg1 Qg4+ 44. Kf2 Nd3+ 45. Ke3 Nxe1 0-1

[Event "Titled Tuesday intern op 06th Feb Late"]
[Site "Chess.com INT"]
[Date "2024.02.06"]
[Round "4"]
[White "Seder, Mohamad"]
[Black "Kargosha, Bahman"]
[Result "1-0"]
[WhiteElo "2077"]
[BlackElo "2028"]
[PlyCount "69"]
[EventDate "2024.02.06"]
[EventType "swiss (blitz)"]
[EventRounds "11"]
[EventCountry "USA"]
[SourceTitle "CB07_2024"]
[SourceDate "2024.02.14"]
[SourceVersion "1"]
[SourceVersionDate "2024.02.14"]
[SourceQuality "1"]

1. Nf3 Nf6 2. g3 d5 3. Bg2 Bg4 4. 0-0 Nbd7 5. d4 e6 6. Re1 c6 7. c3 Bd6 8. Nbd2 0-0 9. e4 dxe4 10. Nxe4 Nxe4 11. Rxe4 Nf6 12. Bg5 Bxf3 13. Qxf3 h6 14. Bxf6 Qxf6 15. Qxf6 gxf6 16. Rae1 a5 17. a4 Ra6 18. f4 f5 19. R4e2 Rb6 20. h3 h5 21. Kf2 h4 22. Rg1 hxg3+ 23. Kxg3 Kh7 24. Kf3 Rg8 25. Rb1 Rb3 26. Bf1 b5 27. axb5 cxb5 28. d5 Rg6 29. Rd2 e5 30. fxe5 Bxe5 31. Bd3 Rg3+ 32. Kf2 Kg6 33. Bc2 Bxc3 34. Bxb3 Bxd2 35. Kxg3 1-0

[Event "Titled Tuesday intern op 04th Jul Early"]
[Site "Chess.com INT"]
[Date "2023.07.04"]
[Round "10"]
[White "Fisabilillah, Ummi"]
[Black "Kargosha, Bahman"]
[Result "1-0"]
[WhiteElo "2198"]
[BlackElo "2028"]
[PlyCount "81"]
[EventDate "2023.07.04"]
[EventType "swiss (blitz)"]
[EventRounds "11"]
[EventCountry "USA"]
[SourceTitle "EXT 2024"]
[Source "ChessBase"]
[SourceDate "2023.10.10"]
[SourceVersion "1"]
[SourceVersionDate "2023.10.10"]
[SourceQuality "1"]

1. e4 e5 2. Nf3 Nc6 3. Nc3 Nf6 4. Bc4 Nxe4 5. Nxe4 d5 6. Bxd5 Qxd5 7. Nc3 Qd8 8. h3 Bd6 9. 0-0 0-0 10. Re1 f5 11. d3 h6 12. Bd2 Qf6 13. Nd5 Qf7 14. c4 Be6 15. Qb3 Rab8 16. Nb4 e4 17. Nh2 Nd4 18. Qd1 c5 19. Nc2 exd3 20. Nxd4 cxd4 21. b3 b5 22. cxb5 Rxb5 23. Nf3 Qf6 24. Qb1 g5 25. Qxd3 Rd5 26. Qe2 Re8 27. Rac1 Bf7 28. Qd3 g4 29. hxg4 fxg4 30. Rxe8+ Bxe8 31. Qe4 Bf7 32. Qxg4+ Kh7 33. Qe4+ Qf5 34. Qh4 Qg6 35. Rc8 Rh5 36. Qd8 Qb1+ 37. Be1 Bh2+ 38. Nxh2 Qxe1+ 39. Nf1 Rh1+ 40. Kxh1 Qxf1+ 41. Kh2 1-0

[Event "Titled Tuesday intern op 04th Jul Early"]
[Site "Chess.com INT"]
[Date "2023.07.04"]
[Round "8"]
[White "Kargosha, Bahman"]
[Black "Vargas, Mauricio"]
[Result "1-0"]
[WhiteElo "2028"]
[BlackElo "2035"]
[PlyCount "103"]
[EventDate "2023.07.04"]
[EventType "swiss (blitz)"]
[EventRounds "11"]
[EventCountry "USA"]
[SourceTitle "EXT 2024"]
[Source "ChessBase"]
[SourceDate "2023.10.10"]
[SourceVersion "1"]
[SourceVersionDate "2023.10.10"]
[SourceQuality "1"]

1. d4 d5 2. c4 c6 3. Nc3 e6 4. e3 Nf6 5. Nf3 Nbd7 6. Qc2 Bd6 7. b3 0-0 8. Bb2 Nh5 9. Bd3 f5 10. 0-0-0 a6 11. g4 Nhf6 12. gxf5 e5 13. dxe5 Nxe5 14. Nxe5 Bxe5 15. f4 Bc7 16. Rhg1 Kh8 17. cxd5 cxd5 18. Bc4 dxc4 19. Rxd8 Rxd8 20. bxc4 Bb6 21. Rxg7 Bxe3+ 22. Kb1 Kxg7 23. Nd5 Rf8 24. Qc3 Bxf5+ 25. Ka1 Bxf4 26. Nxf4 Rae8 27. Nh5+ Kg8 28. Nxf6+ Rxf6 29. Qxf6 Re1+ 30. Bc1 Rxc1+ 31. Kb2 Rb1+ 32. Kc3 Bg6 33. Qd8+ Kg7 34. Qc7+ Kh6 35. h4 Rc1+ 36. Kd4 Rd1+ 37. Kc5 Rb1 38. Qf4+ Kg7 39. Qg5 b6+ 40. Kc6 Rb5 41. cxb5 axb5 42. Kxb5 Kf7 43. h5 Kg7 44. hxg6 hxg6 45. Kxb6 Kf7 46. a4 Kg7 47. a5 Kh8 48. a6 Kh7 49. a7 Kh8 50. a8Q+ Kh7 51. Qa7+ Kg8 52. Qd8# 1-0

[Event "Titled Tuesday intern op 04th Jul Early"]
[Site "Chess.com INT"]
[Date "2023.07.04"]
[Round "11"]
[White "Kargosha, Bahman"]
[Black "Vifleemskaia, Svetlana"]
[Result "1/2-1/2"]
[WhiteElo "2028"]
[BlackElo "1971"]
[PlyCount "87"]
[EventDate "2023.07.04"]
[EventType "swiss (blitz)"]
[EventRounds "11"]
[EventCountry "USA"]
[SourceTitle "EXT 2024"]
[Source "ChessBase"]
[SourceDate "2023.10.10"]
[SourceVersion "1"]
[SourceVersionDate "2023.10.10"]
[SourceQuality "1"]

1. d4 Nf6 2. c4 e6 3. Nc3 Bb4 4. e3 0-0 5. Bd2 d6 6. Nf3 Bxc3 7. Bxc3 Ne4 8. Qc2 Nxc3 9. Qxc3 a5 10. Bd3 Qe7 11. e4 Nd7 12. e5 dxe5 13. dxe5 Nc5 14. Bc2 b6 15. 0-0-0 Bb7 16. h4 Be4 17. Ng5 Bxc2 18. Qxc2 g6 19. f4 f6 20. Nf3 fxe5 21. fxe5 Qf7 22. h5 Qf4+ 23. Kb1 Qf5 24. hxg6 hxg6 25. Rh6 Kg7 26. Rdh1 Qxc2+ 27. Kxc2 Rh8 28. Rxh8 Rxh8 29. Rxh8 Kxh8 30. b3 Kg7 31. a3 Kf7 32. b4 axb4 33. axb4 Ne4 34. Kd3 Nf2+ 35. Kd4 Ke7 36. Ng5 Ng4 37. Ke4 Nf2+ 38. Ke3 Ng4+ 39. Kf4 Nf2 40. Ke3 Ng4+ 41. Kd4 Nh6 42. Ke4 Ng4 43. Kf4 Nf2 44. Ke3 1/2-1/2

[Event "Titled Tuesday intern op 04th Jul Early"]
[Site "Chess.com INT"]
[Date "2023.07.04"]
[Round "9"]
[White "Lenoir Ibacache, Gabriel Alberto"]
[Black "Kargosha, Bahman"]
[Result "0-1"]
[WhiteElo "2225"]
[BlackElo "2028"]
[PlyCount "58"]
[EventDate "2023.07.04"]
[EventType "swiss (blitz)"]
[EventRounds "11"]
[EventCountry "USA"]
[SourceTitle "EXT 2024"]
[Source "ChessBase"]
[SourceDate "2023.10.10"]
[SourceVersion "1"]
[SourceVersionDate "2023.10.10"]
[SourceQuality "1"]

1. e4 e5 2. Nf3 Nc6 3. d4 exd4 4. Nxd4 Nf6 5. Nxc6 bxc6 6. e5 Qe7 7. Qe2 Nd5 8. c4 Ba6 9. Nd2 0-0-0 10. Nf3 Qb4+ 11. Qd2 Bxc4 12. Qxb4 Bxb4+ 13. Bd2 Bxf1 14. Rxf1 Rhe8 15. Bxb4 Nxb4 16. Kd2 d6 17. exd6 cxd6 18. a3 Nd5 19. Rac1 Kb7 20. Nd4 c5 21. Nb5 Nf4 22. g3 Re2+ 23. Kd1 Rxb2 24. a4 Nd3 25. Rc3 Rxf2 26. Rxf2 Nxf2+ 27. Ke2 Ne4 28. Rf3 f6 29. Kd3 d5 0-1

[Event "Titled Tuesday intern op 04th Jul Early"]
[Site "Chess.com INT"]
[Date "2023.07.04"]
[Round "5"]
[White "Seletsky, Grigory"]
[Black "Kargosha, Bahman"]
[Result "1-0"]
[WhiteElo "2224"]
[BlackElo "2028"]
[PlyCount "137"]
[EventDate "2023.07.04"]
[EventType "swiss (blitz)"]
[EventRounds "11"]
[EventCountry "USA"]
[SourceTitle "EXT 2024"]
[Source "ChessBase"]
[SourceDate "2023.10.10"]
[SourceVersion "1"]
[SourceVersionDate "2023.10.10"]
[SourceQuality "1"]

1. e4 e5 2. Nf3 Nc6 3. Bc4 Nf6 4. d3 Bc5 5. 0-0 a6 6. Re1 Ba7 7. c3 h6 8. Bb3 d6 9. Nbd2 0-0 10. Nf1 Be6 11. Ng3 Re8 12. h3 d5 13. Qc2 d4 14. Bxe6 fxe6 15. c4 Bc5 16. a3 a5 17. b3 Rf8 18. Qe2 Qe8 19. Nh2 Qg6 20. Ng4 Nxg4 21. Qxg4 Qxg4 22. hxg4 Be7 23. f3 Bg5 24. Kf2 Bxc1 25. Rexc1 Ra6 26. Rab1 Rb6 27. Rc2 Ra8 28. Rcb2 Kf7 29. Ne2 Ke7 30. Nc1 Nb8 31. b4 axb4 32. axb4 Rba6 33. Ke2 Ra3 34. Kd2 Nd7 35. Rc2 Ra1 36. Rxa1 Rxa1 37. Rb2 Nf8 38. Kc2 Ng6 39. g3 Nf8 40. Ra2 Rxa2+ 41. Nxa2 Nh7 42. Kd2 Kd6 43. Nc1 Ng5 44. Ke2 c5 45. bxc5+ Kxc5 46. f4 Nf7 47. fxe5 Nxe5 48. Nb3+ Kb4 49. Nxd4 Kc3 50. Nxe6 Nxd3 51. Nxg7 Kxc4 52. Nf5 b5 53. Nxh6 b4 54. Nf5 Kc3 55. Ne3 b3 56. Nd1+ Kc2 57. g5 Ne5 58. g4 Ng6 59. Ne3+ Kc1 60. Nc4 Kc2 61. Ke3 Kc3 62. Na3 b2 63. Nb1+ Kc2 64. Nd2 Kc1 65. Nb3+ Kc2 66. Nd2 Kc1 67. Kd3 Ne5+ 68. Kc3 Nxg4 69. g6 1-0

[Event "Titled Tuesday intern op 18th Apr Late"]
[Site "Chess.com INT"]
[Date "2023.04.18"]
[Round "5"]
[White "Kargosha, Bahman"]
[Black "Hirneise, Jens"]
[Result "0-1"]
[WhiteElo "2028"]
[BlackElo "2277"]
[PlyCount "118"]
[EventDate "2023.04.18"]
[EventType "swiss (blitz)"]
[EventRounds "11"]
[EventCountry "USA"]
[SourceTitle "EXT 2024"]
[Source "ChessBase"]
[SourceDate "2023.10.10"]
[SourceVersion "1"]
[SourceVersionDate "2023.10.10"]
[SourceQuality "1"]

1. d4 f5 2. Nc3 d5 3. Bf4 Nf6 4. e3 e6 5. Bd3 Bd6 6. Nce2 0-0 7. Nf3 Bd7 8. c4 Bb4+ 9. Nc3 Ne4 10. Qc2 Nc6 11. 0-0 Bxc3 12. bxc3 g5 13. Be5 g4 14. Nd2 Nxe5 15. dxe5 Bc6 16. Rad1 Qe7 17. Nb3 Kh8 18. Nd4 Rg8 19. Nxc6 bxc6 20. Bxe4 fxe4 21. Kh1 Rg5 22. f4 gxf3 23. gxf3 exf3 24. Rxf3 Rag8 25. Rdf1 Qg7 26. Qd1 Rxe5 27. Rg3 Rg5 28. Rfg1 Rxg3 29. Rxg3 Qxc3 30. Rxg8+ Kxg8 31. Qg4+ Kf7 32. Qh5+ Ke7 33. Qxh7+ Kd6 34. Qh3 Qa1+ 35. Kg2 Qxa2+ 36. Kf3 Qxc4 37. Qg3+ e5 38. Qg6+ Kc5 39. h4 Qxh4 40. Qe8 Qe4+ 41. Ke2 Qc4+ 42. Kf2 Qc2+ 43. Kf3 e4+ 44. Kf4 Qf2+ 45. Ke5 Qxe3 46. Qe7+ Kc4 47. Qxc7 Qd4+ 48. Ke6 Qc5 49. Qg3 e3 50. Qe1 Qd4 51. Qc1+ Qc3 52. Qf1+ Qd3 53. Qc1+ Kd4 54. Qb2+ Qc3 55. Qg2 Kd3 56. Qf1+ e2 57. Qf3+ Kd2 58. Qf4+ Qe3+ 59. Qxe3+ Kxe3 0-1

[Event "Titled Tuesday intern op 11th Apr Late"]
[Site "Chess.com INT"]
[Date "2023.04.11"]
[Round "4"]
[White "Kargosha, Bahman"]
[Black "Prydun, Andriy"]
[Result "0-1"]
[WhiteElo "2028"]
[BlackElo "2134"]
[PlyCount "52"]
[EventDate "2023.04.11"]
[EventType "swiss (blitz)"]
[EventRounds "11"]
[EventCountry "USA"]
[SourceTitle "CBM 213 Extra"]
[Source "ChessBase"]
[SourceDate "2023.05.31"]
[SourceVersion "1"]
[SourceVersionDate "2023.05.31"]
[SourceQuality "1"]

1. d4 Nf6 2. c4 e6 3. Nc3 Bb4 4. e3 0-0 5. Bd2 d5 6. Nf3 c5 7. a3 cxd4 8. axb4 dxc3 9. Bxc3 Ne4 10. cxd5 Nxc3 11. bxc3 exd5 12. Be2 Qf6 13. Qd4 Qe6 14. 0-0 Nc6 15. Qd2 a5 16. Nd4 Nxd4 17. cxd4 a4 18. Bb5 Bd7 19. Qd3 Rfc8 20. Ra3 Rc7 21. h3 h6 22. Rfa1 Qd6 23. Bxd7 Qxd7 24. b5 Rc4 25. e4 Qxb5 26. exd5 Qxd5 0-1

[Event "Titled Tuesday intern op 11th Apr Late"]
[Site "Chess.com INT"]
[Date "2023.04.11"]
[Round "10"]
[White "Kargosha, Bahman"]
[Black "Smith, Garrett L"]
[Result "0-1"]
[WhiteElo "2028"]
[BlackElo "2047"]
[PlyCount "72"]
[EventDate "2023.04.11"]
[EventType "swiss (blitz)"]
[EventRounds "11"]
[EventCountry "USA"]
[SourceTitle "CBM 213 Extra"]
[Source "ChessBase"]
[SourceDate "2023.05.31"]
[SourceVersion "1"]
[SourceVersionDate "2023.05.31"]
[SourceQuality "1"]

1. d4 Nf6 2. c4 g6 3. Nc3 d5 4. cxd5 Nxd5 5. e4 Nxc3 6. bxc3 Bg7 7. Qa4+ Nd7 8. Nf3 0-0 9. Be2 c5 10. 0-0 Qc7 11. Be3 b6 12. Rad1 Bb7 13. d5 Nf6 14. h3 Rfd8 15. Nd2 a6 16. c4 Nd7 17. f4 b5 18. Qc2 b4 19. e5 a5 20. Bf3 a4 21. Ne4 Qa5 22. Qf2 Ba6 23. d6 exd6 24. Nxd6 Rab8 25. Bd5 Rf8 26. Nxf7 Rxf7 27. e6 Re7 28. exd7+ Kh8 29. f5 gxf5 30. Qxf5 b3 31. Bg5 Re5 32. Qxe5 Bxe5 33. Rde1 Bd4+ 34. Kh1 bxa2 35. Re8+ Kg7 36. Rf7+ Kg6 0-1

[Event "Titled Tuesday intern op 11th Apr Late"]
[Site "Chess.com INT"]
[Date "2023.04.11"]
[Round "8"]
[White "Kargosha, Bahman"]
[Black "Vifleemskaia, Svetlana"]
[Result "1-0"]
[WhiteElo "2028"]
[BlackElo "1971"]
[PlyCount "95"]
[EventDate "2023.04.11"]
[EventType "swiss (blitz)"]
[EventRounds "11"]
[EventCountry "USA"]
[SourceTitle "CBM 213 Extra"]
[Source "ChessBase"]
[SourceDate "2023.05.31"]
[SourceVersion "1"]
[SourceVersionDate "2023.05.31"]
[SourceQuality "1"]

1. d4 Nf6 2. c4 e6 3. Nc3 Bb4 4. e3 0-0 5. Bd2 d6 6. Nf3 Bxc3 7. Bxc3 Ne4 8. Qc2 f5 9. Bd3 Nxc3 10. Qxc3 Nd7 11. 0-0 Nf6 12. Qc2 Qe7 13. Nd2 g6 14. e4 f4 15. e5 Nh5 16. Nf3 d5 17. Rac1 c6 18. g4 fxg3 19. fxg3 Bd7 20. Qd2 Kg7 21. Rf2 Rf7 22. Rcf1 Raf8 23. c5 b6 24. b4 b5 25. Kg2 a6 26. h4 Be8 27. Ng5 Rxf2+ 28. Rxf2 Rxf2+ 29. Qxf2 h6 30. Nh3 Qf7 31. g4 Qxf2+ 32. Kxf2 Nf6 33. exf6+ Kxf6 34. Kf3 e5 35. g5+ hxg5 36. hxg5+ Ke6 37. dxe5 Kxe5 38. Nf4 Kd4 39. Bxg6 Bd7 40. Bf7 Bf5 41. g6 Bxg6 42. Bxg6 Kc3 43. Nd3 Kc2 44. Ke3 Kb1 45. Be8 Kxa2 46. Bxc6 Kb3 47. Bxd5+ Kc3 48. c6 1-0

[Event "Perth op"]
[Site "Perth"]
[Date "2023.01.05"]
[Round "6"]
[White "Kargosha, Bahman"]
[Black "Young, Micah"]
[Result "1/2-1/2"]
[WhiteElo "2096"]
[BlackElo "1845"]
[PlyCount "52"]
[EventDate "2023.01.02"]
[EventType "swiss"]
[EventRounds "11"]
[EventCountry "AUS"]
[SourceTitle "CBM 212 Extra"]
[Source "ChessBase"]
[SourceDate "2023.03.31"]
[SourceVersion "1"]
[SourceVersionDate "2023.03.31"]
[SourceQuality "1"]

1. d4 f5 2. Nc3 Nf6 3. Bg5 g6 4. Bxf6 exf6 5. h4 h5 6. e3 d5 7. Bd3 Be6 8. Nge2 c6 9. Nf4 Bf7 10. Qd2 Bd6 11. g3 Nd7 12. a3 b5 13. Be2 Qe7 14. a4 bxa4 15. Nxa4 0-0 16. Nd3 Rfc8 17. 0-0 g5 18. Kg2 Nb6 19. b3 Nxa4 20. bxa4 c5 21. dxc5 Bxc5 22. Nxc5 Qxc5 23. Rfd1 Qxc2 24. Qxc2 Rxc2 25. Bd3 Rb2 26. Bxf5 Re8 1/2-1/2

[Event "Doeberl Cup 59th"]
[Site "Canberra"]
[Date "2022.04.18"]
[Round "9"]
[White "Kargosha, Bahman"]
[Black "Winkelman, Albert"]
[Result "1/2-1/2"]
[WhiteElo "2084"]
[BlackElo "2257"]
[PlyCount "60"]
[EventDate "2022.04.14"]
[EventType "swiss"]
[EventRounds "9"]
[EventCountry "AUS"]
[SourceTitle "CBM 207 Extra"]
[Source "ChessBase"]
[SourceDate "2022.05.31"]
[SourceVersion "1"]
[SourceVersionDate "2022.05.31"]
[SourceQuality "1"]

1. d4 Nf6 2. c4 g6 3. Nc3 d5 4. cxd5 Nxd5 5. e4 Nxc3 6. bxc3 Bg7 7. Qa4+ c6 8. Nf3 0-0 9. Be2 c5 10. 0-0 b6 11. Rb1 Bb7 12. dxc5 Qc7 13. Be3 Nd7 14. Qb4 Rfc8 15. cxb6 axb6 16. Qxe7 Rxa2 17. Ng5 Nf8 18. Qxc7 Rxc7 19. Bxb6 Rxc3 20. Be3 Ba8 21. Bf3 h6 22. Nh3 Ra4 23. Rfc1 Rxc1+ 24. Rxc1 Bxe4 25. Bxe4 Rxe4 26. Nf4 h5 27. Nd3 Ne6 28. Nc5 Nxc5 29. Rxc5 Ra4 30. Rc1 Be5 1/2-1/2

[Event "Doeberl Cup 59th"]
[Site "Canberra"]
[Date "2022.04.15"]
[Round "3"]
[White "Johansen, Darryl Keith"]
[Black "Kargosha, Bahman"]
[Result "1-0"]
[WhiteElo "2382"]
[BlackElo "2084"]
[PlyCount "71"]
[EventDate "2022.04.14"]
[EventType "swiss"]
[EventRounds "9"]
[EventCountry "AUS"]
[SourceTitle "CBM 207 Extra"]
[Source "ChessBase"]
[SourceDate "2022.05.31"]
[SourceVersion "1"]
[SourceVersionDate "2022.05.31"]
[SourceQuality "1"]

1. e4 e5 2. Nf3 Nc6 3. Bc4 Nf6 4. Ng5 d5 5. exd5 Na5 6. Bb5+ c6 7. dxc6 bxc6 8. Be2 h6 9. Nh3 Bd6 10. d3 Qc7 11. Nc3 Bf5 12. Bf3 Rd8 13. Qe2 0-0 14. 0-0 c5 15. Ne4 Nd5 16. Ng3 Be6 17. Bxd5 Bxd5 18. f4 Nc6 19. f5 f6 20. Be3 Nd4 21. Qf2 c4 22. c3 Nc6 23. dxc4 Bxc4 24. Rfd1 Be7 25. b3 Bf7 26. Qe2 Qa5 27. Ne4 Ba3 28. Nhf2 Ne7 29. b4 Qc7 30. Bc5 Nxf5 31. Bxf8 Rxf8 32. Qa6 Bb2 33. Rab1 Bc4 34. Qa4 Ne3 35. Rxb2 Nxd1 36. Qxd1 1-0